Guess the Rap song by Lyrics - Statistics

General Stats
  • This quiz has been taken 310 times
  • The average score is 7 of 20
Answer Stats
Lyrics Rapper Songs % Correct
Oh no, I can't fuck with y'all, yeahWhen I'm with my squad I cannot do no wrong, yeah Saucin' in the city, don't get misinformed, yeah They gon' pull up on you (brrt, brrt, brrt) Travis Scott Goosebumps
80%
My shades, Dior, my pants, velourCreate, explore, expand, conquer A$AP Rocky Praise the lord
62%
I am a sinnerWho's probably gonna sin again Lord forgive me Kendrick Lamar Bitch Don't Kill My Vibe
53%
How you gon' be mad on vacation?Dutty whining 'round all these Jamaicans Kanye West Bound 2
53%
HahPack in the mail, it's gone (uh) She like how I smell, cologne (yeah) I just signed a deal, I'm on Yeah, yeah Dababy Suge
51%
Said I'm never lackin', always pistol packin' (this is a Melo beat)With them automatics, we gon' send him to Heaven (huh) Pop Smoke Dior
49%
I'm a killer, girl, I'm sorry, but I can't changeWe ain't aimin' for your body, shots hits your brain Polo G Pop Out
45%
Every other night, another dollar getting madeEvery other night started with a good day Lil Baby Drip Too Hard
38%
Oh, oh, luxuryChidi-ching-ching could buy anything, cop that ScHoolboy Q Collard Greens
35%
Uh, I came in with a new .40 GlockFuck on your bitch, make that ho wanna Milly Rock I'm with my boys and no, we do not Milly Rock Lil Uzi Vert Silly Watch
33%
You pray for my demons, girl, I got youEvery time I sip on codeine, I get vulnerable Future WAIT FOR U
27%
She like them boys with the big old chainsRide around town in the big old Range I knew her when I rocked big old jeans Now the little n- doing big old thangs J Cole Work Out
25%
My wrist look like a snow cone, make her eat itOnce I see her, I give her that dope dick just like it's ether Then I leave her, I can't get caught up, I can't be on Cheaters NBA Youngboy Need It
21%
Ayy, I gotta stay in my zoneSay that we been beefin', dawg But you on your own Migos Walk It Talk It
20%
I got companies and PesosI got people on my payroll She don't do it 'less I say so I don't smoke if it ain't fuego DRAM Broccoli
18%
Taking medicine to fix all of the damageMy anxiety the size of a planet (yeah), oh Holes in my skull, over time My heart's over ice (whoa), uh Juice WRLD Righteous
16%
Had my heart broken by this woman named TammyBut hoes gon' be hoes, , so I couldn't blame Tammy Lil Wayne 6 Foot 7 Foot
14%
Ain't gotta wait to make no moves 'cause I be loadedWhile you out here drinkin' 40's, I just tote it Still that same n- in a foreign, but it's stolen Kodak Black Transportin
12%
Ned's declassified, bitch, I'm fried (yeah, yeah)In the club with a damn survival guide (water) Ski Mask the Slump God OOGA BOOGA
3%
And I like a little sassiness, a lotta classMommy reach in your bag, pass the fifth I'm a leader, at last this a don you wit' My nines'll spit, n-s loose consciousness Nas Made You Look
2%
No matching quizzes found
Score Distribution
Percent of People with Each Score
Percentile by Number Answered
Your Score History
You have not taken this quiz